| 000 | 00358nam a2200145Ia 4500 | ||
|---|---|---|---|
| 008 | 191201s2005 xx 000 0 und d | ||
| 082 |
_a604.2 _bGIE |
||
| 100 | _aGILL, P S | ||
| 245 | 0 | _aEngineering Drawing Geometrical Drawing | |
| 250 | _aRep | ||
| 260 |
_aN.Delhi _bS K Kataria and Sons _c2005 |
||
| 300 | _a710 | ||
| 650 | _aB.Tech(ME) | ||
| 942 |
_2ddc _cBK |
||
| 999 |
_c1238 _d1238 |
||